00621nam a2200169 a 450000100100000000500170001000800410002704000250006808200120009310000260010524500880013125000120021926000610023130000290029260000520032165100780037300003276320240229073937.0110726t1958 dr c 000 0bspa d aDO-SdBNPbspacBNPHU aF-RD 831 aJiménez Belén, J.10aTrujillo heroe inmortal :bresumen de su vida y de su obra /cJ. Jiménez Belén. a2ª ed. aCiudad Trujillo, República Dominicana :b[s.n],c1958. a79 p. :bretr. ;c23 cm.10aTrujillo Molina, Rafael Leónidas,d 1891-1961 4aRepública DominicanaxPolítica Y GobiernoyERA DE TRUJILLO, 1930-1961